Чемпионы Формулы-1 - Statistics

General Stats
  • This quiz has been taken 19 times
  • The average score is 10 of 35
Answer Stats
Сезоны Страна Гонщик % Correct
1994, 1995, 2000, 2001, 2002, 2003, 2004 Германия Михаэль Шумахер
93%
2008, 2014, 2015, 2017, 2018, 2019, 2020 Великобритания Льюис Хэмилтон
71%
2021, 2022, 2023, 2024 Нидерланды Макс Ферстаппен
64%
2005, 2006 Испания Фернандо Алонсо
57%
1988, 1990, 1991 Бразилия Айртон Сенна
57%
2025 Великобритания Ландо Норрис
50%
2010, 2011, 2012, 2013 Германия Себастьян Феттель
43%
2007 Финляндия Кими Райкконен
36%
1998, 1999 Финляндия Мика Хаккинен
36%
1985, 1986, 1989, 1993 Франция Ален Прост
36%
1975, 1977, 1984 Австрия Ники Лауда
36%
2016 Германия Нико Росберг
29%
2009 Великобритания Дженсон Баттон
29%
1997 Канада Жак Вильнёв
21%
1982 Финляндия Кеке Росберг
21%
1979 ЮАР Джоди Шектер
21%
1976 Великобритания Джеймс Хант
21%
1969, 1971, 1973 Великобритания Джеки Стюарт
21%
1951, 1954, 1955, 1956, 1957 Аргентина Хуан Мануэль Фанхио
21%
1996 Великобритания Деймон Хилл
14%
1992 Великобритания Найджел Мэнселл
14%
1981, 1983, 1987 Бразилия Нельсон Пике
14%
1980 Австралия Алан Джонс
14%
1978 США Марио Андретти
14%
1972, 1974 Бразилия Эмерсон Фиттипальди
14%
1970 Австрия Йохен Риндт
14%
1962, 1968 Великобритания Грэм Хилл
14%
1959, 1960, 1966 Австралия Джек Брэбем
14%
1961 США Фил Хилл
14%
1958 Великобритания Майк Хоторн
14%
1950 Италия Джузеппе Фарина
14%
1967 Новая Зеландия Денни Халм
7%
1963, 1965 Великобритания Джим Кларк
7%
1964 Великобритания Джон Сёртис
7%
1952, 1953 Италия Альберто Аскари
7%
No matching quizzes found
Score Distribution
Percent of People with Each Score
Percentile by Number Answered
Your Score History
You have not taken this quiz